| 000 | 00417nam a22001697i 4500 | ||
|---|---|---|---|
| 001 | 3409 | ||
| 003 | OSt | ||
| 005 | 20170126082318.0 | ||
| 007 | tu | ||
| 008 | 161220s1997 xxu||||| |||| 00| 0 d | ||
| 024 | 7 |
_a3408 _2RID |
|
| 040 | _cOSt | ||
| 245 | 0 | 0 | _aMicrosoft Excel 97. Schritt für Schritt |
| 260 |
_aUnterschleißheim : _bMicrosoft Press, _c1997. |
||
| 300 |
_a358 S. : _bDiskette ; _c30cm. |
||
| 110 | 2 |
_aCatapult Inc. _eEd. |
|
| 942 | _cB | ||
| 999 |
_c3359 _d3359 |
||